| 000 | 00899nas a2200277 4500 | ||
|---|---|---|---|
| 001 | BR0904197 | ||
| 003 | BR-BrBNA | ||
| 005 | 20231205113255.0 | ||
| 007 | ta | ||
| 008 | 230509b bl.|||p| |||| 00| 00por d | ||
| 040 |
_aBR-BrBNA _bpor _cBiblioteca Nacional de Agricultura |
||
| 041 | _a(Pt) | ||
| 072 | _aH10 | ||
| 100 | 1 | _aDegasperi, T.C. | |
| 100 | 1 | _aMilano, P. | |
| 100 | 1 | _aBerti Filho, E. | |
| 100 | 1 | _aOda, M.L. | |
| 100 | 1 | _aZério, N.G. | |
| 245 | 1 | _aAspectos biológicos e capacidade de predação de Chrysoperla externa (HAGEN, 1861)(Neuroptera: Chrysopidae)sobre ovos de quatro espécies de lepidópteros praga | |
| 650 | _aCONTROLE BIOLÓGICO | ||
| 650 | _aLEPIDOPTERO | ||
| 650 | _aPREDADOR | ||
| 773 | 0 |
_tRevista de Agricultura (Brazil) _xISSN 0034-7655 _g(Dec 2007), v. 82(3) p. 231-239 _wBR0904197 |
|
| 909 |
_a202311 _bLúcia _c55 _dLúcia Elande |
||
| 942 |
_2AGRIS _n0 _cANA |
||
| 999 |
_c202834 _d202834 |
||